[Event "Open A"]
[Site "Frosinone ITA"]
[Date "1997.03.??"]
[Round "3"]
[White "Agomeri, Dante"]
[Black "Scagliarini, Valentina"]
[Result "1/2-1/2"]
[WhiteElo "1666"]
[BlackElo "1771"]
[PlyCount "122"]
[EventDate "1997.03.08"]

1. e4 e6 2. d4 d5 3. exd5 exd5 4. Nc3 c6 5. Bd3 Bd6 6. h3 Ne7 7. Nf3 Bf5 8. Bg5
Bxd3 9. Qxd3 Nd7 10. O-O O-O 11. Rfe1 Re8 12. Re2 f6 13. Bd2 Ng6 14. Rae1 Rxe2
15. Nxe2 Qf8 16. b3 Re8 17. c4 Qf7 18. c5 Bc7 19. b4 a6 20. a4 Ndf8 21. b5 axb5
22. axb5 Ne6 23. g3 f5 24. bxc6 bxc6 25. Rb1 Rb8 26. Rxb8+ Bxb8 27. Qa6 Qd7 28.
h4 f4 29. h5 Ne7 30. gxf4 h6 31. Ne5 Bxe5 32. fxe5 Nxd4 33. Be3 Nf3+ 34. Kg2
Qg4+ 35. Ng3 Nxe5 36. Qe2 Qxe2 37. Nxe2 Kf7 38. f4 Ng4 39. Bd4 Nf5 40. Kf3 Nf6
41. Be5 Nd7 42. Kg4 Ne3+ 43. Kh3 Nf5 44. Nd4 Nxd4 45. Bxd4 Nf6 46. Kh4 Ke6 47.
Be5 Kf5 48. Bd6 Nd7 49. Kg3 Ke4 50. Kf2 d4 51. Ke2 d3+ 52. Kd2 Nf6 53. Be5 Nxh5
54. Bc3 g6 55. Be5 Nxf4 56. Bf6 g5 57. Bd4 Kf3 58. Kd1 g4 59. Bf6 g3 60. Bd4 h5
61. Bg1 Ne2 1/2-1/2

[Event "Open A"]
[Site "Frosinone ITA"]
[Date "1997.03.??"]
[Round "3"]
[White "Berrino, Umberto"]
[Black "Chiacchiararelli, Bruno"]
[Result "0-1"]
[WhiteElo "1672"]
[BlackElo "1771"]
[PlyCount "112"]
[EventDate "1997.03.08"]

1. e4 e6 2. d4 d5 3. exd5 exd5 4. Bd3 c5 5. Nf3 Nc6 6. Be3 c4 7. Be2 Bf5 8. c3
Nf6 9. Nbd2 Ne4 10. Bf4 Bd6 11. Bxd6 Qxd6 12. O-O O-O 13. Nxe4 Bxe4 14. Nd2 Bf5
15. Re1 b5 16. Bf3 b4 17. Nf1 Rab8 18. Ne3 Be6 19. Qc2 Rfc8 20. Qe2 bxc3 21.
bxc3 h6 22. Rab1 Ne7 23. Bg4 Bxg4 24. Nxg4 Rxb1 25. Rxb1 Qg6 26. Rb7 Nc6 27.
Ne5 Nxe5 28. Qxe5 Qc2 29. h3 Qxc3 30. Qxd5 Qe1+ 31. Kh2 Qe6 32. Qxe6 fxe6 33.
Rb4 a5 34. Rb5 a4 35. Rb4 a3 36. Kg3 c3 37. Rb1 c2 38. Rc1 Kf7 39. Kf3 Rb8 40.
Rxc2 Rb2 41. Rc7+ Kf6 42. Ra7 Rxa2 43. Ke3 Ra1 44. Ra6 a2 45. Kf3 Ke7 46. g4
Kd7 47. Kg2 Kc7 48. f4 Kb7 49. Ra3 Kb6 50. f5 exf5 51. gxf5 Kb5 52. d5 Kc5 53.
Ra5+ Kd6 54. h4 Ke5 55. h5 Kxf5 56. Kf2 Rh1 0-1

[Event "Open A"]
[Site "Frosinone ITA"]
[Date "1997.03.??"]
[Round "3"]
[White "Chiacchiararelli, Antonino"]
[Black "Boccia, Mattia Mario"]
[Result "1/2-1/2"]
[WhiteElo "1560"]
[BlackElo "1534"]
[PlyCount "32"]
[EventDate "1997.03.08"]

1. d4 d5 2. Nf3 c6 3. c3 Nf6 4. Qc2 e6 5. Bg5 Nbd7 6. e3 h6 7. Bh4 Be7 8. Nbd2
O-O 9. Bd3 c5 10. dxc5 Nxc5 11. O-O Nxd3 12. Qxd3 Bd7 13. Ne5 Rc8 14. Nxd7 Nxd7
15. Bxe7 Qxe7 16. e4 Rfd8 1/2-1/2

[Event "Open A"]
[Site "Frosinone ITA"]
[Date "1997.03.??"]
[Round "3"]
[White "Corinthios, Raimondo"]
[Black "Ciarlo, Michele"]
[Result "1-0"]
[WhiteElo "1510"]
[BlackElo "1600"]
[PlyCount "67"]
[EventDate "1997.03.08"]

1. e4 c5 2. d4 cxd4 3. c3 dxc3 4. Nxc3 d6 5. Bc4 Nc6 6. Nf3 Nf6 7. Qe2 Bg4 8.
Be3 a6 9. O-O e6 10. Rfd1 Be7 11. Rac1 Ne5 12. Bb3 Qa5 13. Na4 Nxf3+ 14. gxf3
Bh3 15. f4 O-O 16. Bb6 Qb5 17. Qxb5 axb5 18. Nc3 b4 19. Rd3 Rac8 20. Rxh3 bxc3
21. Rcxc3 Rxc3 22. Rxc3 Nxe4 23. Rc7 Bd8 24. Rxb7 Bxb6 25. Rxb6 d5 26. a4 Nd2
27. Ba2 Rc8 28. a5 g6 29. a6 Ra8 30. b4 Nc4 31. Bxc4 dxc4 32. b5 c3 33. Rc6 Rb8
34. a7 1-0

[Event "Open A"]
[Site "Frosinone ITA"]
[Date "1997.03.??"]
[Round "3"]
[White "Cristofari, Mario"]
[Black "Marinelli, Franco"]
[Result "1/2-1/2"]
[WhiteElo "1746"]
[BlackElo "1522"]
[PlyCount "103"]
[EventDate "1997.03.08"]

1. d4 d5 2. c4 c6 3. e3 g6 4. b3 Bg7 5. Bb2 Nf6 6. Nc3 O-O 7. Nf3 Nbd7 8. Bd3
Re8 9. cxd5 Nxd5 10. Nxd5 cxd5 11. O-O a6 12. Rc1 b5 13. Qc2 Bb7 14. Qc7 Rb8
15. Rc2 Qxc7 16. Rxc7 Red8 17. Rfc1 Kf8 18. Ba3 Ke8 19. Ne5 Bxe5 20. dxe5 Rdc8
21. f4 Rxc7 22. Rxc7 Kd8 23. Rc1 Rc8 24. Rxc8+ Bxc8 25. e4 Bb7 26. exd5 Bxd5
27. g4 f6 28. exf6 Nxf6 29. h3 Ne4 30. Bb4 e6 31. Kf1 Kc7 32. Ke2 Kc6 33. Ke3
Nc5 34. Bc2 Bg2 35. h4 Kd5 36. Bc3 Be4 37. Bxe4+ Nxe4 38. Bb4 Nf6 39. Kf3 Kd4
40. Be1 Kd3 41. a4 bxa4 42. bxa4 Ne4 43. h5 Nf6 44. hxg6 hxg6 45. Kg3 Ne4+ 46.
Kf3 Nf6 47. Ba5 Ne4 48. Bc7 Nc5 49. a5 Ne4 50. Be5 Nd2+ 51. Kg3 Ne4+ 52. Kh4
1/2-1/2

[Event "Open A"]
[Site "Frosinone ITA"]
[Date "1997.03.??"]
[Round "3"]
[White "Gagliardi, Pietro"]
[Black "Agomeri, Gianluca"]
[Result "1/2-1/2"]
[WhiteElo "2185"]
[BlackElo "1729"]
[PlyCount "130"]
[EventDate "1997.03.08"]

1. e4 e5 2. Nf3 Nc6 3. Bb5 a6 4. Bxc6 dxc6 5. d4 exd4 6. Qxd4 Qxd4 7. Nxd4 Nf6
8. f3 c5 9. Ne2 Be6 10. Be3 Bd6 11. Nbc3 b5 12. Nf4 Bd7 13. O-O-O O-O-O 14.
Nfd5 Nxd5 15. Nxd5 Be6 16. Kb1 f6 17. h3 Rhe8 18. Rd2 c6 19. Nc3 Be5 20. Ne2
Bc4 21. Nc1 Bd4 22. Bf4 g5 23. Bg3 Be3 24. Rxd8+ Rxd8 25. b3 Be6 26. Re1 Bd2
27. Rd1 c4 28. Bf2 Bxc1 29. Rxd8+ Kxd8 30. Bb6+ Kd7 31. Kxc1 cxb3 32. axb3 Bf7
33. Kd2 Kd6 34. b4 Bc4 35. g3 Bf1 36. h4 gxh4 37. gxh4 h5 38. Ke3 Ke6 39. Kf4
Be2 40. c3 Bd1 41. Bd4 Be2 42. Ke3 Bc4 43. Kf4 Be2 44. Bc5 Bd1 45. Bf2 Be2 46.
Bg3 Bd1 47. Bh2 Be2 48. Ke3 Bd1 49. Bb8 Bb3 50. Kd4 Bd1 51. f4 f5 52. e5 Bb3
53. Kc5 Bd5 54. Kb6 Be4 55. Kxa6 Bf3 56. Kb6 Be4 57. Kc7 Bf3 58. Ba7 Be4 59.
Kd8 Bf3 60. Ke8 Be4 61. Kd8 Bf3 62. Kc7 Be4 63. Kb6 Bf3 64. Kc5 Bd5 65. Bb8 Be4
1/2-1/2

[Event "Open A"]
[Site "Frosinone ITA"]
[Date "1997.03.??"]
[Round "3"]
[White "Gorini, Alessandro"]
[Black "Gatta, Flavio"]
[Result "1/2-1/2"]
[WhiteElo "1615"]
[BlackElo "1528"]
[PlyCount "46"]
[EventDate "1997.03.08"]

1. d4 Nf6 2. c4 c5 3. Nf3 cxd4 4. Nxd4 e6 5. Nc3 Bb4 6. Qc2 Nc6 7. Nxc6 bxc6 8.
Bg5 d5 9. e3 O-O 10. Bxf6 Qxf6 11. Bd3 h6 12. O-O Bxc3 13. bxc3 Bd7 14. Rab1
Rfb8 15. Rb2 Qe5 16. Rfb1 Rxb2 17. Qxb2 Be8 18. Qb7 Rd8 19. Qe7 Qf6 20. Qc7
dxc4 21. Bxc4 Rd7 22. Qa5 Qd8 23. Qa4 Rd2 1/2-1/2

[Event "Open A"]
[Site "Frosinone ITA"]
[Date "1997.03.??"]
[Round "3"]
[White "Pantano, Fulvio"]
[Black "Scagliarini, Bruno"]
[Result "0-1"]
[WhiteElo "1636"]
[BlackElo "1728"]
[PlyCount "124"]
[EventDate "1997.03.08"]

1. e4 e6 2. d4 d5 3. Nd2 c5 4. Ngf3 Nc6 5. Bb5 Bd7 6. c3 Nf6 7. Qe2 cxd4 8.
cxd4 dxe4 9. Nxe4 Nxe4 10. Qxe4 Qa5+ 11. Bd2 Qxb5 12. Bc3 Bb4 13. Qe3 O-O 14.
O-O-O Bxc3 15. Qxc3 Rac8 16. Kb1 a5 17. Qd3 Qxd3+ 18. Rxd3 Nb4 19. Rc3 Rxc3 20.
bxc3 Nd5 21. Kb2 Rc8 22. Ne5 Bc6 23. Rc1 f6 24. Nxc6 Rxc6 25. g3 Kf7 26. a3 Nb6
27. Kc2 Nc4 28. a4 Rb6 29. Kd3 Rc6 30. Rb1 b6 31. Rb5 Nd6 32. Rb1 Ke7 33. f3
Kd7 34. g4 Kc7 35. h4 Rc4 36. Ra1 Kc6 37. f4 b5 38. axb5+ Kxb5 39. Rb1+ Ka6 40.
Re1 Rc6 41. Rxe6 Kb7 42. d5 Rb6 43. Re7+ Ka6 44. Rxg7 a4 45. Re7 a3 46. Re1 a2
47. Kc2 Nc4 48. Ra1 Rb2+ 49. Kd3 Na5 50. c4 Kb6 51. Kc3 Rg2 52. g5 fxg5 53.
fxg5 Kc5 54. h5 Rxg5 55. Rxa2 Nxc4 56. Rh2 Rxd5 57. Rh4 Nd6 58. h6 Nf5 59. Ra4
Kb6 60. Rb4+ Kc6 61. Re4 Rd6 62. Re7 Nxe7 0-1

[Event "Open A"]
[Site "Frosinone ITA"]
[Date "1997.03.??"]
[Round "3"]
[White "Rosato, Luciano"]
[Black "Gonzini, Gianmaria"]
[Result "1-0"]
[WhiteElo "1931"]
[BlackElo "1600"]
[PlyCount "51"]
[EventDate "1997.03.08"]

1. Nf3 d5 2. d4 Nf6 3. c4 c6 4. Nc3 Nbd7 5. e3 e6 6. Bd3 dxc4 7. Bxc4 b5 8. Bd3
a6 9. e4 Bb7 10. e5 Nd5 11. Nxd5 exd5 12. O-O Be7 13. Be3 O-O 14. Rc1 Re8 15.
Bb1 Nf8 16. Qd3 g6 17. Nd2 f6 18. f4 Qd7 19. Nb3 a5 20. f5 gxf5 21. Bh6 Ne6 22.
Qxf5 Bf8 23. Bxf8 Nxf8 24. Qxf6 Qe7 25. Nc5 Bc8 26. Qxc6 1-0

[Event "Open A"]
[Site "Frosinone ITA"]
[Date "1997.03.??"]
[Round "3"]
[White "Vannelli, Vittorio"]
[Black "Simeoni, Matteo"]
[Result "0-1"]
[WhiteElo "1567"]
[BlackElo "1797"]
[PlyCount "74"]
[EventDate "1997.03.08"]

1. e4 c5 2. Nf3 d6 3. d4 cxd4 4. Qxd4 a6 5. c4 Nc6 6. Qd1 Nf6 7. Nc3 Bg4 8. h3
Bh5 9. Be2 h6 10. Nd4 Bg6 11. Nxc6 bxc6 12. Qa4 Qd7 13. c5 e5 14. f4 Be7 15.
fxe5 dxe5 16. Be3 O-O 17. O-O Qc7 18. Rad1 a5 19. Rd2 Rab8 20. a3 Nd7 21. Qc4
Rb7 22. Bg4 Nf6 23. Bf5 Bxf5 24. Rxf5 Rfb8 25. Rff2 Rb3 26. g4 Qc8 27. Rf5 Qc7
28. h4 Bf8 29. Qe2 Rxc3 30. Rxf6 Rxe3 31. Qxe3 gxf6 32. g5 Qe7 33. Rd6 fxg5 34.
Qc3 gxh4 35. Rxc6 Qg5+ 36. Kh1 Rd8 37. Qe1 Rd2 0-1

[Event "Open A"]
[Site "Frosinone ITA"]
[Date "1997.03.??"]
[Round "4"]
[White "Abuhamdieh, Arafat"]
[Black "Agomeri, Dante"]
[Result "0-1"]
[WhiteElo "1420"]
[BlackElo "1666"]
[PlyCount "122"]
[EventDate "1997.03.08"]

1. d4 Nf6 2. c4 e6 3. Nc3 Bb4 4. Qc2 d5 5. e3 Ne4 6. a3 Bxc3+ 7. bxc3 O-O 8.
cxd5 exd5 9. c4 c6 10. Nf3 Nd7 11. cxd5 Qa5+ 12. Nd2 Nxd2 13. Bxd2 Qxd5 14. f3
Nf6 15. Bc4 Qg5 16. Kf2 Qh5 17. h4 Re8 18. e4 Qg6 19. Bd3 Qh5 20. e5 Ng4+ 21.
fxg4 Bxg4 22. Be4 Rad8 23. Be3 Re6 24. Bf3 Rg6 25. Be4 Re6 26. g3 Kh8 27. Kg2
f5 28. exf6 gxf6 29. Rhf1 f5 30. Bg5 Rxe4 31. Bf6+ Kg8 32. Qb3+ Qf7 33. Qxf7+
Kxf7 34. Bxd8 Rxd4 35. Rae1 Rxd8 36. Rf2 Rd7 37. Rb2 b6 38. Re3 c5 39. Rc3 Rd6
40. Kf2 Ke6 41. Re3+ Kd7 42. a4 a5 43. Rc3 Kc7 44. Ke3 Bd1 45. Ra3 Rd4 46. Rf2
Bg4 47. Rf4 Rb4 48. Rc3 Kc6 49. Rxb4 axb4 50. Rc1 Kd5 51. Kf4 c4 52. Ke3 b3 53.
Rb1 Kc5 54. Kd2 Kb4 55. Rc1 Bf3 56. Rg1 h5 57. Kc1 c3 58. Rf1 b2+ 59. Kb1 Be4+
60. Ka2 Kxa4 61. Rf4 b1=Q# 0-1

[Event "Open A"]
[Site "Frosinone ITA"]
[Date "1997.03.??"]
[Round "4"]
[White "Boccia, Mattia Mario"]
[Black "Gatta, Flavio"]
[Result "1-0"]
[WhiteElo "1534"]
[BlackElo "1528"]
[PlyCount "31"]
[EventDate "1997.03.08"]

1. e4 c5 2. c3 Nf6 3. e5 Nd5 4. d4 cxd4 5. Nf3 e6 6. cxd4 b6 7. Nc3 Nxc3 8.
bxc3 Qc7 9. Bd2 Bb7 10. Bd3 d6 11. O-O Nd7 12. Re1 dxe5 13. Nxe5 Nxe5 14. Rxe5
Bd6 15. Rh5 Qc6 16. Bb5 1-0

[Event "Open A"]
[Site "Frosinone ITA"]
[Date "1997.03.??"]
[Round "4"]
[White "Chiacchiararelli, Antonino"]
[Black "Berrino, Umberto"]
[Result "1/2-1/2"]
[WhiteElo "1560"]
[BlackElo "1672"]
[PlyCount "85"]
[EventDate "1997.03.08"]

1. c4 e6 2. Nc3 d5 3. cxd5 exd5 4. d4 Nf6 5. Bg5 c6 6. Qc2 Be7 7. e3 Nbd7 8.
Nf3 O-O 9. Bd3 Re8 10. O-O Nf8 11. a3 Ng6 12. b4 a6 13. Bxf6 Bxf6 14. Na4 Be7
15. Nc5 Bd6 16. Rfb1 Qf6 17. a4 b6 18. Nb3 Bxb4 19. Nc1 c5 20. Na2 a5 21. Nxb4
cxb4 22. Qb3 Be6 23. Bb5 Rec8 24. Rc1 Qd8 25. Kf1 Ra7 26. Rxc8 Qxc8 27. Ng5 Rc7
28. Nxe6 fxe6 29. Bd3 Rc3 30. Qb1 Nf8 31. Ke1 Qc7 32. g3 Qf7 33. Qd1 Qc7 34.
Kd2 Nd7 35. Rc1 Nf6 36. f3 Ne8 37. Rxc3 Qxc3+ 38. Ke2 b3 39. Qb1 g6 40. e4 Nd6
41. exd5 exd5 42. Bxg6 hxg6 43. Qxg6+ 1/2-1/2

[Event "Open A"]
[Site "Frosinone ITA"]
[Date "1997.03.??"]
[Round "4"]
[White "Ciarlo, Michele"]
[Black "Gorini, Alessandro"]
[Result "0-1"]
[WhiteElo "1600"]
[BlackElo "1615"]
[PlyCount "62"]
[EventDate "1997.03.08"]

1. d4 d5 2. Nf3 Nf6 3. Bg5 e6 4. e3 Be7 5. c3 Nbd7 6. Nbd2 c5 7. Bd3 O-O 8. O-O
Re8 9. Qe2 Qc7 10. Rfe1 e5 11. dxe5 Nxe5 12. Nxe5 Qxe5 13. Bf4 Qe6 14. e4 c4
15. Bc2 Bc5 16. e5 Ng4 17. h3 Bxf2+ 18. Kh1 Bxe1 19. Rxe1 Nf6 20. Bd1 Nd7 21.
Qh5 Nf8 22. Bc2 Qb6 23. Rf1 Be6 24. Nf3 Qxb2 25. Rf2 Qb6 26. Ng5 Qxf2 27. Bxh7+
Nxh7 28. Qxh7+ Kf8 29. Nxe6+ fxe6 30. Qh8+ Kf7 31. Qh5+ Kg8 0-1

[Event "Open A"]
[Site "Frosinone ITA"]
[Date "1997.03.??"]
[Round "4"]
[White "Gagliardi, Pietro"]
[Black "Chiacchiararelli, Bruno"]
[Result "1/2-1/2"]
[WhiteElo "2185"]
[BlackElo "1771"]
[PlyCount "101"]
[EventDate "1997.03.08"]

1. e4 e6 2. d4 d5 3. Nd2 Be7 4. c3 dxe4 5. Nxe4 Nf6 6. Nxf6+ Bxf6 7. Nf3 b6 8.
Bd3 Bb7 9. Qe2 O-O 10. Bf4 c5 11. dxc5 bxc5 12. O-O-O Qb6 13. h4 h6 14. g4 e5
15. Nxe5 Bxe5 16. Qxe5 Bxh1 17. Rxh1 Nc6 18. Qe4 g6 19. Bxh6 Rfe8 20. Qf4 Ne5
21. Bc2 Rab8 22. b3 Rbd8 23. Rh3 Qa6 24. Re3 Qxa2 25. Qf6 Qa1+ 26. Bb1 Nd3+ 27.
Rxd3 Re1+ 28. Kd2 Rxd3+ 29. Kxd3 Qxb1+ 30. Kc4 Qe4+ 31. Kxc5 Qe5+ 32. Qxe5
Rxe5+ 33. Kd4 f6 34. Bf4 Re6 35. c4 Kf7 36. b4 Ke7 37. b5 a6 38. bxa6 Rxa6 39.
h5 gxh5 40. gxh5 Ra1 41. h6 Rh1 42. c5 Kd7 43. Ke4 Rh5 44. Be3 Kc6 45. Kf3 f5
46. Ke2 Kd5 47. Kf3 Kc6 48. Kg3 Kd5 49. Kg2 Kc6 50. Kf3 Kd5 51. Kg3 1/2-1/2

[Event "Open A"]
[Site "Frosinone ITA"]
[Date "1997.03.??"]
[Round "4"]
[White "Gonzini, Gianmaria"]
[Black "Corinthios, Raimondo"]
[Result "1-0"]
[WhiteElo "1600"]
[BlackElo "1510"]
[PlyCount "71"]
[EventDate "1997.03.08"]

1. c4 e5 2. Nc3 Nf6 3. g3 d5 4. cxd5 Nxd5 5. Bg2 Nb6 6. Nf3 Nc6 7. O-O Bd6 8.
d3 O-O 9. a4 Be6 10. Ng5 Bf5 11. a5 h6 12. a6 Qc8 13. axb7 Qxb7 14. Nge4 a6 15.
Nd2 Bd7 16. Nb3 Bb4 17. Na5 Bxa5 18. Rxa5 Qc8 19. Rc5 Qe8 20. Be3 Qe6 21. Nd5
Rac8 22. Qc2 Rfe8 23. Rc1 Qd6 24. Rxc6 Bxc6 25. Qxc6 Nxd5 26. Qxd5 Qb4 27. b3
Qg4 28. Bf3 Qg6 29. Rc6 Re6 30. Rxe6 fxe6 31. Qxe5 Qf7 32. Bg4 Re8 33. Bd4 Kh7
34. h4 g6 35. Bxe6 Qf8 36. h5 1-0

[Event "Open A"]
[Site "Frosinone ITA"]
[Date "1997.03.??"]
[Round "4"]
[White "Marinelli, Franco"]
[Black "Rovatti, Paolo"]
[Result "0-1"]
[WhiteElo "1522"]
[BlackElo "1603"]
[PlyCount "62"]
[EventDate "1997.03.08"]

1. d4 e6 2. Nd2 c5 3. Ngf3 cxd4 4. Nxd4 Nf6 5. g3 d5 6. Bg2 e5 7. N4b3 Nc6 8.
c3 Bd6 9. O-O Ng4 10. h3 Nf6 11. Nf3 O-O 12. Bg5 h6 13. Bxf6 Qxf6 14. Qxd5 Rd8
15. Qd1 Bf5 16. Nfd2 Bc7 17. e4 Be6 18. Qf3 Qg6 19. Rfd1 Bb6 20. Nf1 Ne7 21.
Rxd8+ Rxd8 22. Rd1 Rxd1 23. Qxd1 Bc4 24. Nfd2 Bxb3 25. Nxb3 Qxg3 26. Qf3 Qg5
27. c4 Ng6 28. c5 Bxc5 29. Qf5 Qxg2+ 30. Kxg2 Nh4+ 31. Kg3 Nxf5+ 0-1

[Event "Open A"]
[Site "Frosinone ITA"]
[Date "1997.03.??"]
[Round "4"]
[White "Pantano, Fulvio"]
[Black "Cristofari, Mario"]
[Result "1-0"]
[WhiteElo "1636"]
[BlackElo "1746"]
[PlyCount "61"]
[EventDate "1997.03.08"]

1. e4 e5 2. Nf3 Nc6 3. d4 exd4 4. Nxd4 Bc5 5. Be3 Bb6 6. Nxc6 bxc6 7. Qd2 Nf6
8. f3 O-O 9. Nc3 d5 10. O-O-O Be6 11. e5 Bxe3 12. Qxe3 Nd7 13. Bd3 f5 14. f4
Qe7 15. g4 Nc5 16. g5 Rab8 17. Be2 Rb6 18. Rd4 Rfb8 19. b3 a5 20. Na4 Nxa4 21.
Rxa4 c5 22. Rxa5 d4 23. Qf3 c4 24. Ra4 cxb3 25. cxb3 Bxb3 26. axb3 Rxb3 27.
Bc4+ Kf8 28. Bxb3 Qc5+ 29. Kb2 d3 30. Qxd3 Qf2+ 31. Qc2 1-0

[Event "Open A"]
[Site "Frosinone ITA"]
[Date "1997.03.??"]
[Round "4"]
[White "Scagliarini, Bruno"]
[Black "Simeoni, Matteo"]
[Result "1/2-1/2"]
[WhiteElo "1728"]
[BlackElo "1797"]
[PlyCount "30"]
[EventDate "1997.03.08"]

1. c4 f5 2. g3 Nf6 3. Bg2 e6 4. e3 Be7 5. Ne2 O-O 6. O-O c6 7. d3 d6 8. Bd2 a5
9. Nbc3 Na6 10. a3 Bd7 11. Rb1 Qe8 12. Nc1 Qg6 13. b4 axb4 14. axb4 Ra7 15. b5
Nc5 1/2-1/2

[Event "Open A"]
[Site "Frosinone ITA"]
[Date "1997.03.??"]
[Round "4"]
[White "Scagliarini, Valentina"]
[Black "Agomeri, Gianluca"]
[Result "1-0"]
[WhiteElo "1771"]
[BlackElo "1729"]
[PlyCount "63"]
[EventDate "1997.03.08"]

1. e4 e5 2. Nf3 Nc6 3. Bb5 a6 4. Bxc6 dxc6 5. d4 exd4 6. Qxd4 Qxd4 7. Nxd4 Nf6
8. f3 c5 9. Ne2 Be6 10. Be3 Bd6 11. Nd2 h6 12. Nf4 Bd7 13. Nd3 b6 14. e5 Nd5
15. Bf2 Bf8 16. O-O-O O-O-O 17. Nc4 Be7 18. Rhe1 Bb5 19. Ne3 Bg5 20. Kb1 Nf4
21. Nc1 Ng6 22. Nf5 Bd7 23. Nxg7 h5 24. e6 fxe6 25. Nxe6 Bxe6 26. Rxd8+ Rxd8
27. Rxe6 Rd1 28. Re1 Rd2 29. Re2 Rd1 30. Re1 Rd2 31. Ne2 Nf4 32. Be3 1-0

[Event "Open A"]
[Site "Frosinone ITA"]
[Date "1997.03.??"]
[Round "5"]
[White "Agomeri, Dante"]
[Black "Gagliardi, Pietro"]
[Result "0-1"]
[WhiteElo "1666"]
[BlackElo "2185"]
[PlyCount "92"]
[EventDate "1997.03.08"]

1. e4 c6 2. d4 d5 3. f3 g6 4. e5 Bg7 5. Bd3 b6 6. Be3 Ba6 7. Ne2 Bxd3 8. Qxd3
e6 9. O-O Ne7 10. Ng3 Nd7 11. Nd2 h5 12. h4 Nf8 13. f4 Nf5 14. Nxf5 exf5 15.
Nf3 Ne6 16. g3 O-O 17. Rfd1 Qd7 18. Nd2 Rfd8 19. Nf3 Bf8 20. a3 Be7 21. Rd2 Kg7
22. Rad1 a5 23. c4 dxc4 24. Qxc4 b5 25. Qa2 Nc7 26. Ng5 Nd5 27. Bf2 Bxg5 28.
hxg5 h4 29. Qb3 Rh8 30. Qf3 hxg3 31. Qxg3 Rh5 32. Qf3 Rah8 33. Bg3 Nb6 34. Rg2
Rh1+ 35. Kf2 Rxd1 36. Qxd1 Rd8 37. Ke2 Qxd4 38. Qxd4 Rxd4 39. Bf2 Re4+ 40. Kf3
Nd5 41. Bg3 Re3+ 42. Kf2 Rb3 43. Kg1 Ne3 44. Re2 Nc4 45. e6 fxe6 46. Rxe6 Rxg3+
0-1

[Event "Open A"]
[Site "Frosinone ITA"]
[Date "1997.03.??"]
[Round "5"]
[White "Agomeri, Gianluca"]
[Black "Vannelli, Vittorio"]
[Result "0-1"]
[WhiteElo "1729"]
[BlackElo "1567"]
[PlyCount "101"]
[EventDate "1997.03.08"]

1. d4 Nf6 2. Nf3 d6 3. c4 Bf5 4. Nc3 Nbd7 5. Nh4 Bg6 6. Nxg6 hxg6 7. g3 e5 8.
e3 c6 9. Bg2 Qc7 10. Qa4 Be7 11. Bd2 Nb6 12. Qb3 Qd7 13. h3 exd4 14. exd4 Qe6+
15. Ne2 Qxc4 16. Qxc4 Nxc4 17. Rc1 Nxd2 18. Kxd2 d5 19. Nc3 Bb4 20. Kd3 Bxc3
21. bxc3 O-O 22. Rb1 b5 23. Rhe1 Rfe8 24. Re5 Nd7 25. Ree1 Kf8 26. Kc2 Rxe1 27.
Rxe1 Re8 28. Rxe8+ Kxe8 29. Kd3 Ke7 30. Bf3 Kd6 31. h4 f5 32. h5 gxh5 33. Bxh5
Nf6 34. Bg6 Ne4 35. Bxf5 Nxf2+ 36. Ke3 Nd1+ 37. Kd2 Nb2 38. Bc8 Nc4+ 39. Kd3 g6
40. Bg4 Ke7 41. Bf3 Nd6 42. Ke3 Kf6 43. Kf4 a5 44. g4 Nf7 45. Bh1 Ng5 46. Bg2
Ne6+ 47. Ke3 Kg5 48. Bf3 Kh4 49. Kf2 Ng5 50. Be2 Ne4+ 51. Ke3 0-1

[Event "Open A"]
[Site "Frosinone ITA"]
[Date "1997.03.??"]
[Round "5"]
[White "Berrino, Umberto"]
[Black "Abuhamdieh, Arafat"]
[Result "1/2-1/2"]
[WhiteElo "1672"]
[BlackElo "1420"]
[PlyCount "116"]
[EventDate "1997.03.08"]

1. e4 e5 2. Nf3 Nf6 3. d3 Nc6 4. Nbd2 Be7 5. Be2 O-O 6. O-O d6 7. c3 Ne8 8. d4
exd4 9. cxd4 Bg4 10. Re1 Kh8 11. Nf1 f5 12. Ng3 fxe4 13. Nxe4 Nf6 14. Ng3 d5
15. Ng5 Bxe2 16. Qxe2 Qd7 17. Ne6 Rfe8 18. f4 Bb4 19. f5 Bxe1 20. Qxe1 Nxd4 21.
Qc3 Nxe6 22. fxe6 Rxe6 23. Be3 Rc6 24. Qd2 Qg4 25. Rf1 Qa4 26. b3 Qb5 27. Qf2
h6 28. Bd4 Qd3 29. Nf5 Rf8 30. Qf4 Kh7 31. g4 g5 32. Qe5 Re8 33. Ne7 Qe4 34.
Qxe4+ dxe4 35. Bxf6 Rxf6 36. Rxf6 Rxe7 37. Kf2 Kg7 38. Rf5 Kg6 39. Ke3 h5 40.
h3 c6 41. Rf8 hxg4 42. hxg4 b5 43. Rg8+ Kf6 44. Rf8+ Kg7 45. Rf5 Kg6 46. Rf8 a5
47. Rc8 Re6 48. Rg8+ Kf6 49. Rf8+ Ke7 50. Rg8 Re5 51. Kd4 Kd6 52. Rd8+ Kc7 53.
Kxe5 Kxd8 54. Kxe4 Ke7 55. Ke5 c5 56. Kd5 c4 57. bxc4 bxc4 58. Kxc4 Kf6 1/2-1/2

[Event "Open A"]
[Site "Frosinone ITA"]
[Date "1997.03.??"]
[Round "5"]
[White "Boccia, Mattia Mario"]
[Black "Pantano, Fulvio"]
[Result "0-1"]
[WhiteElo "1534"]
[BlackElo "1636"]
[PlyCount "78"]
[EventDate "1997.03.08"]

1. e4 e5 2. Nf3 Nc6 3. d4 exd4 4. Nxd4 d6 5. Nc3 Nf6 6. Be2 Be7 7. O-O O-O 8.
Bg5 Nxd4 9. Qxd4 c6 10. Rad1 Ne8 11. Bxe7 Qxe7 12. Rfe1 Be6 13. Bf3 Qc7 14. e5
d5 15. Ne2 g6 16. Nf4 Ng7 17. Qc3 Qb6 18. Nd3 Rad8 19. Qc5 Qxc5 20. Nxc5 Bc8
21. c3 Rfe8 22. a4 b6 23. Nb3 Be6 24. Nd4 Rc8 25. b4 Nf5 26. Rc1 Red8 27. Nxf5
Bxf5 28. g3 c5 29. g4 Be6 30. Red1 Kf8 31. h3 Ke7 32. Kg2 h6 33. h4 cxb4 34.
cxb4 Rc4 35. Rxc4 dxc4 36. Rxd8 Kxd8 37. g5 hxg5 38. hxg5 c3 39. Bd1 Bf5 0-1

[Event "Open A"]
[Site "Frosinone ITA"]
[Date "1997.03.??"]
[Round "5"]
[White "Chiacchiararelli, Bruno"]
[Black "Scagliarini, Valentina"]
[Result "1/2-1/2"]
[WhiteElo "1771"]
[BlackElo "1771"]
[PlyCount "53"]
[EventDate "1997.03.08"]

1. d4 Nf6 2. c4 e5 3. dxe5 Ng4 4. Bf4 Bb4+ 5. Nd2 Nc6 6. Ngf3 Qe7 7. e3 Ngxe5
8. Nxe5 Nxe5 9. Be2 O-O 10. O-O Bxd2 11. Qxd2 d6 12. Qc3 Re8 13. Rfd1 Bf5 14.
Rac1 f6 15. c5 dxc5 16. Qxc5 c6 17. Qxe7 Rxe7 18. Rd6 Rae8 19. b4 Rd7 20. Rxd7
Bxd7 21. Rd1 Bf5 22. Bxe5 fxe5 23. Bc4+ Kf8 24. e4 Bxe4 25. Rd7 Re7 26. Rd8+
Re8 27. Rd7 1/2-1/2

[Event "Open A"]
[Site "Frosinone ITA"]
[Date "1997.03.??"]
[Round "5"]
[White "Corinthios, Raimondo"]
[Black "Marinelli, Franco"]
[Result "1/2-1/2"]
[WhiteElo "1510"]
[BlackElo "1522"]
[PlyCount "94"]
[EventDate "1997.03.08"]

1. e4 d6 2. d4 Nf6 3. Nc3 g6 4. f4 Bg4 5. Nf3 Bg7 6. e5 dxe5 7. fxe5 Nd5 8. h3
Nxc3 9. bxc3 Bf5 10. Bd3 Bxd3 11. Qxd3 c6 12. O-O O-O 13. Be3 Nd7 14. Qd2 Nb6
15. Bh6 Qd5 16. Bxg7 Kxg7 17. Qg5 Qe6 18. Qg3 h6 19. h4 Nc4 20. h5 Ne3 21. Ng5
hxg5 22. Qxe3 Kh6 23. hxg6 Qxg6 24. Rf2 Kg7 25. g4 Rh8 26. Raf1 Raf8 27. Qg3
Qh7 28. Rh2 Qxh2+ 29. Qxh2 Rxh2 30. Kxh2 b5 31. a3 Kg6 32. Kg3 f5 33. gxf5+
Rxf5 34. Re1 e6 35. Re4 Rf1 36. c4 Kf5 37. Re3 Rg1+ 38. Kf2 Rg4 39. Rf3+ Rf4
40. cxb5 Rxf3+ 41. Kxf3 cxb5 42. c3 a5 43. Kg3 g4 44. Kg2 Kf4 45. Kf2 a4 46.
Kg2 g3 47. Kg1 Ke4 1/2-1/2

[Event "Open A"]
[Site "Frosinone ITA"]
[Date "1997.03.??"]
[Round "5"]
[White "Gatta, Flavio"]
[Black "Cristofari, Mario"]
[Result "1-0"]
[WhiteElo "1528"]
[BlackElo "1746"]
[PlyCount "21"]
[EventDate "1997.03.08"]

1. e4 e5 2. Nf3 Nc6 3. Bb5 a6 4. Bxc6 dxc6 5. O-O Bd6 6. d4 Bg4 7. dxe5 Bxf3 8.
Qxf3 Bxe5 9. Nd2 Qe7 10. Nc4 O-O-O 11. Qf5+ 1-0

[Event "Open A"]
[Site "Frosinone ITA"]
[Date "1997.03.??"]
[Round "5"]
[White "Gorini, Alessandro"]
[Black "Chiacchiararelli, Antonino"]
[Result "1/2-1/2"]
[WhiteElo "1615"]
[BlackElo "1560"]
[PlyCount "56"]
[EventDate "1997.03.08"]

1. d4 d5 2. c4 c6 3. Nc3 Nf6 4. Nf3 e6 5. Bg5 Be7 6. e3 Nbd7 7. Rc1 O-O 8. cxd5
exd5 9. Bd3 Re8 10. O-O Ne4 11. Bxe7 Qxe7 12. h3 g6 13. Qc2 Ng5 14. Nxg5 Qxg5
15. e4 Nf6 16. f4 Qh6 17. e5 Nd7 18. Qf2 f5 19. Na4 b5 20. Nc5 Nxc5 21. Rxc5
Bd7 22. Kh2 Qg7 23. Qh4 Qe7 24. Qh6 Qg7 25. Qg5 Qe7 26. Qg3 Kf7 27. Re1 Qd8 28.
Rec1 a6 1/2-1/2